000 00568nam a2200229Ia 4500
003 OSt
005 20220916111008.0
006 a|||||r|||| 00| 0
007 ta
008 220915b |||||||| |||| 00| 0 mal d
024 _a90,673
037 _cTextbook
040 _bmal
_aARTS
_cARTS
041 _amal
082 _aQ7:21:g, 32J4.1
100 _aEdassery P. Muhammed Au.
245 0 _aHoly Quran
260 _c1954
650 _aQURAN
942 _hQ7:21:g, 32J4.1
_cTB
_2CC
999 _c102907
_d102907